000 00453nam a2200169 4500
020 _a9788131703991
082 _a621.301 NAR
100 _aNarayana Rao, Nannapaneni.
245 _aElements of engineering electromagnetics
250 _a6th ed.
260 _aNew Delhi
_bPearson Education
_c2006
300 _axxiii, 831 p.
_bill. ;
490 _aIllinois ECE series
500 _aIncludes index.
650 _aElectromagnetic theory.
942 _cBK
999 _c12319
_d12319